00838nam a2200241 a 4500001001300000003000900013005001700022008004100039020002300080082001900103100002200122245002600144260005000170500003500220505001200255650001600267700002200283902000800305942000700313952013200320952012700452999001700579nice12345678IN_TiNIC20260116013318.0050524s1998 newa grp 000 0 eng  a817596X c15000a305.40954bFOR aForbes, Geraldine aWomen in Modern India aNew Delhi bCambridge University Press c1998 aincludes index and biblioraphy2 aIndices aWomen-India1 aForbes, Geraldine bSRS cBK 001040708StackRoom-aHMIbHMId2007-03-21g150.00l2o305.40954 FORp018606r2022-07-04s2022-06-28v150.00w2005-05-24yBK 00104070aHMIbHMIcGENd2020-09-25eDas Gupta & Co (P) Ltdg625.00l0o305.40954 FORp25825r2020-09-25w2020-09-25yBK c10509d10509